Bharatiya sikshat nava parikrama/ (Record no. 11452)

MARC details
000 -LEADER
fixed length control field 00653nam a22002177a 4500
005 - DATE AND TIME OF LATEST TRANSACTION
control field 20260515114936.0
008 - FIXED-LENGTH DATA ELEMENTS--GENERAL INFORMATION
fixed length control field 230121b ||||| |||| 00| 0 eng d
020 ## - INTERNATIONAL STANDARD BOOK NUMBER
International Standard Book Number 9789381784785
040 ## - CATALOGING SOURCE
Original cataloging agency IN-DiNC
Transcribing agency IN-DiNC
041 ## - LANGUAGE CODE
Language code of sung or spoken text asm
082 ## - DEWEY DECIMAL CLASSIFICATION NUMBER
Classification number 370.54
Item number CHA
100 ## - MAIN ENTRY--PERSONAL NAME
Personal name Chaliha, Beda Kumar
Relator term author
245 ## - TITLE STATEMENT
Title Bharatiya sikshat nava parikrama/
Statement of responsibility, etc. by Beda Kumar Chaliha, Tarun Saikia and Runu Bora Saikia
250 ## - EDITION STATEMENT
Edition statement 7th rev. ed.
260 ## - PUBLICATION, DISTRIBUTION, ETC.
Place of publication, distribution, etc. Jorhat:
Name of publisher, distributor, etc. Bidya bhawan,
Date of publication, distribution, etc. 2022.
300 ## - PHYSICAL DESCRIPTION
Extent 544p.
650 ## - SUBJECT ADDED ENTRY--TOPICAL TERM
Topical term or geographic name entry element Emerging trends in Indian education
700 ## - ADDED ENTRY--PERSONAL NAME
Personal name Saikia, Tarun
Relator term author
700 ## - ADDED ENTRY--PERSONAL NAME
Personal name Saikia, Runu Bora
Relator term author
942 ## - ADDED ENTRY ELEMENTS (KOHA)
Source of classification or shelving scheme Dewey Decimal Classification
Koha item type Books
Holdings
Withdrawn status Lost status Source of classification or shelving scheme Damaged status Not for loan Collection Home library Current library Shelving location Date acquired Cost, normal purchase price Total checkouts Full call number Barcode Date last seen Date last checked out Copy number Price effective from Koha item type
    Dewey Decimal Classification       Naharkatiya College Library Naharkatiya College Library General stacks 01/21/2023 380.00 16 370.54 CHA 29260 02/12/2026 01/28/2026 1 01/21/2023 Books
    Dewey Decimal Classification       Naharkatiya College Library Naharkatiya College Library General stacks 01/21/2023 380.00 18 370.54 CHA 29261 03/27/2026 03/27/2026 2 01/21/2023 Books
    Dewey Decimal Classification       Naharkatiya College Library Naharkatiya College Library General stacks 01/21/2023 380.00 13 370.54 CHA 29262 05/13/2025 03/27/2025 3 01/21/2023 Books
    Dewey Decimal Classification       Naharkatiya College Library Naharkatiya College Library General stacks 03/03/2025 400.00 4 370.54 CHA 30653 02/14/2026 01/28/2026 4 03/03/2025 Books